All Hawaii Cities on a Map - Statistics

General Stats
  • This quiz has been taken 4 times
  • The average score is 6 of 159
Answers on the Map
Answers color-coded by a green-red scale on the quiz's map according to % correct below.
 
Answer Stats
City Population % Correct
Honolulu 345,482
100%
Hilo 50,404
75%
Kahului 28,288
50%
Kailua 61,458
50%
East Honolulu 51,360
25%
Kaanapali 1,170
25%
Kaiminani 11,465
25%
Kapaa 11,094
25%
Koloa 2,907
25%
Lahaina 10,162
25%
Lanai City 3,393
25%
Lihue 7,901
25%
Maunaloa 293
25%
Poipu 1,175
25%
Princeville 2,020
25%
Volcano 746
25%
Wailea 6,352
25%
Waimea 11,126
25%
Ahuimanu 8,452
0%
Aiea 9,087
0%
Ainaloa 4,094
0%
Anahola 3,067
0%
Black Sands 354
0%
Captain Cook 3,419
0%
Discovery Harbour 1,079
0%
East Kapolei 7,551
0%
Eden Roc 1,166
0%
Eleele 2,522
0%
Ewa Beach 14,376
0%
Ewa Gentry 26,563
0%
Ewa Villages 7,415
0%
Fern Acres 1,480
0%
Fern Forest 1,088
0%
Haena 631
0%
Haiku-Pauwela 9,178
0%
Halaula 1,033
0%
Halawa 14,385
0%
Haleiwa 4,948
0%
Haliimaile 1,105
0%
Hana 946
0%
Hanalei 272
0%
Hanamaulu 4,972
0%
Hanapepe 2,638
0%
Hauula 3,548
0%
Hawaiian Acres 3,872
0%
Hawaiian Beaches 3,947
0%
Hawaiian Ocean View 4,431
0%
Hawaiian Paradise Park 13,203
0%
Hawi 2,070
0%
Heeia 5,144
0%
Helemano 2,691
0%
Hickam Housing 9,425
0%
Holualoa 3,434
0%
Honalo 1,071
0%
Honaunau-Napoopoo 2,629
0%
Honokaa 1,963
0%
Honomu 376
0%
Iroquois Point 5,158
0%
Kaaawa 1,328
0%
Kahaluu 5,619
0%
Kahaluu-Keauhou 5,150
0%
Kahuku 2,375
0%
Kalaeloa 3,342
0%
Kalaheo 4,435
0%
Kalapana 76
0%
Kalihiwai 219
0%
Kaloko 1,432
0%
Kamaili 221
0%
Kaneohe 37,355
0%
Kapaau 2,224
0%
Kapalua 469
0%
Kapolei 22,232
0%
Kaumakani 1,012
0%
Kaunakakai 4,360
0%
Kawela Bay 376
0%
Keaau 1,436
0%
Kealakekua 1,919
0%
Kekaha 3,768
0%
Keokea 2,892
0%
Kihei 21,567
0%
Kilauea 3,146
0%
Ko Olina 1,670
0%
Kualapuu 2,535
0%
Kukuihaele 310
0%
Kula 6,791
0%
Kurtistown 3,151
0%
Laie 5,699
0%
Launiupoko 679
0%
Laupahoehoe 916
0%
Lawai 2,718
0%
Leilani Estates 1,490
0%
Maalaea 210
0%
Mahinahina 1,027
0%
Maili 11,570
0%
Makaha 10,066
0%
Makaha Valley 163
0%
Makakilo 20,735
0%
Makawao 7,353
0%
Makena 90
0%
Manele 50
0%
Mauna Loa Estates 901
0%
Maunawili 2,024
0%
Mililani Mauka 21,278
0%
Mililani Town 27,668
0%
Mokuleia 1,655
0%
Mountain View 3,756
0%
Naalehu 872
0%
Nanakuli 12,383
0%
Nanawale Estates 1,692
0%
Napili-Honokowai 7,308
0%
Ocean Pointe 17,085
0%
Olinda 873
0%
Olowalu 70
0%
Omao 1,528
0%
Orchidlands Estates 3,027
0%
Paauilo 610
0%
Pahala 1,768
0%
Pahoa 1,361
0%
Paia 2,512
0%
Pakala Village 292
0%
Papaikou 1,332
0%
Paukaa 450
0%
Pearl City 44,547
0%
Pepeekeo 2,056
0%
Puako 259
0%
Puhi 4,362
0%
Pukalani 8,679
0%
Punaluu 950
0%
Pupukea 4,679
0%
Royal Hawaiian Estates 852
0%
Royal Kunia 13,555
0%
Schofield Barracks 16,270
0%
Seaview 443
0%
Tiki Gardens 245
0%
Ualapue 440
0%
Volcano Golf Course 807
0%
Wahiawa 17,996
0%
Waialua 3,050
0%
Waianae 12,918
0%
Waihee-Waiehu 10,988
0%
Waikapu 3,591
0%
Waikele 7,528
0%
Waikoloa Beach Resort 656
0%
Waikoloa Village 7,543
0%
Wailua 2,697
0%
Wailua Homesteads 5,431
0%
Wailuku 16,926
0%
Waimalu 13,061
0%
Waimanalo 6,054
0%
Waimanalo Beach 4,505
0%
Wainaku 967
0%
Wainiha 362
0%
Waiohinu 152
0%
Waipahu 40,482
0%
Waipio 10,870
0%
Waipio Acres 5,332
0%
West Loch Estate 5,544
0%
Wheeler AFB 2,097
0%
Whitmore Village 4,105
0%
No matching quizzes found
Score Distribution
Percent of People with Each Score
Percentile by Number Answered
Your Score History
You have not taken this quiz